000 00611nam a22002177a 4500
005 20170124105931.0
010 _aB-089738
020 _c180.00
035 _aB-089738
037 _bCen Lib/Ret
040 _aDPL
_bEN
082 _a330
_bSRI
100 _aSrivastava, Alok
_98316
245 _aAdvanced business economics /
_cby Alok Srivastava
260 _aAllahabad
_bKitab Mahal
_c2004
270 _bAllahabad
_a22-A, S.N. Marg
300 _aiii, 596p.
_c24cm(Hb)
650 _aDeveloping economics
_98317
650 _aBusiness economics
_98318
942 _2ddc
_cEN
_h330
_mSRI
999 _c123865
_d123865